>d class="category_comments">>tr>
able>
ble>
>d class="category_name">HATS IN BOOKS>tr>
>d class="category_comments">>tr>
able>
ble>
>d class="category_name">THERE IS AN "I" IN TEAM>tr>
>d class="category_comments">>tr>
able>
ble>
>d class="category_name">NOT QUITE A CONSTELLATION>tr>
>d class="category_comments">>tr>
able>
ble>
>d class="category_name">THE SHAPE OF YOU>tr>
>d class="category_comments">>tr>
able>
ble>
>d class="category_name">MOTHER!>tr>
>d class="category_comments">>tr>
able>
</tr>
<tr>
<td class="clue">
<tr>
<td>
</tr>
<tr>
<td id="clue_J_1_1" class="clue_text">>Daruma dolls, which right themselves when tipped over, are associated with a Japanese phrase meaning "fall down seven times" do this "eight"
>get up>r />r />>r>>Kevin | >table>
</tr>
able>
<tr>
<td>
</tr>
<tr>
<td id="clue_J_2_1" class="clue_text">Alice encounters this crazed craftsman at a tea party
the Mad Hatter>r />r />>r>>Amanda | >table>
</tr>
able>
<tr>
<td>
</tr>
<tr>
<td id="clue_J_3_1" class="clue_text">A sometime Coral Gables resident, singer Marc Anthony co-owns this NFL team
the Miami Dolphins>r />r />>r>>Kevin | >table>
</tr>
able>
<tr>
<td>
</tr>
<tr>
<td id="clue_J_4_1" class="clue_text">Regulus is part of the sickle, a star formation that is also the head of this maned constellation
Leo>r />r />>r>>Eliza | >table>
</tr>
able>
<tr>
<td>
</tr>
<tr>
<td id="clue_J_5_1" class="clue_text">Cordate & cordiform mean shaped like the common symbol for this body part
(Kevin: What is a spine?) >r />the heart>r />r />>r>>Amanda | >Kevin | >table>
</tr>
able>
<tr>
<td>
</tr>
<tr>
<td id="clue_J_6_1" class="clue_text">She was the first woman to be both wife & mom to a U.S. president
Abigail Adams>r />r />>r>>Eliza | >table>
</tr>
able>
</tr>
<tr>
<td class="clue">
<tr>
<td>
</tr>
<tr>
<td id="clue_J_1_2" class="clue_text">(>Jimmy of the Clue Crew presents from New York City.) A hippopotamus nicknamed William is the mascot of the 5th Avenue outpost of this venerable New York City museum; a replica of >him makes a good souvenir
the Met (the Metropolitan Museum of Art)>r />r />>r>>Eliza | >table>
</tr>
able>
<tr>
<td>
</tr>
<tr>
<td id="clue_J_2_2" class="clue_text">To write his bestseller about this colorfully hatted group, Robin Moore trained with them & accompanied them to Vietnam
the Green Berets>r />r />>r>>Amanda | >table>
</tr>
able>
<tr>
<td>
</tr>
<tr>
<td id="clue_J_3_2" class="clue_text">There was no swash in this MLB team's buckle from 1993 to 2012, with no winning seasons
the Pittsburgh Pirates>r />r />>r>>Eliza | >table>
</tr>
able>
<tr>
<td>
</tr>
<tr>
<td id="clue_J_4_2" class="clue_text">This pair of "Big" & "Little" star clusters can be found in Ursa Major & Minor, respectively
the Big Dipper & the Little Dipper>r />r />>r>>Kevin | >table>
</tr>
able>
<tr>
<td>
</tr>
<tr>
<td id="clue_J_5_2" class="clue_text">A tetrahedron is sometimes described as a triangular one of these
a pyramid>r />r />>r>>Amanda | >table>
</tr>
able>
<tr>
<td>
</tr>
<tr>
<td id="clue_J_6_2" class="clue_text">Kathy Headlee founded MWB, Mothers Without these, to aid the world's orphaned & vulnerable kids
Borders>r />r />>r>>Eliza | >table>
</tr>
able>
</tr>
<tr>
<td class="clue">
<tr>
<td>
</tr>
<tr>
<td id="clue_J_1_3" class="clue_text">The lid keeps the beer cool, ja, in a traditional one of >these German tankards
a stein>r />r />>r>>Amanda | >table>
</tr>
able>
<tr>
<td>
</tr>
<tr>
<td id="clue_J_2_3" class="clue_text">In a Dr. Seuss book title, Bartholomew Cubbins wears this many hats
500>r />r />>r>>Eliza | >table>
</tr>
able>
<tr>
<td>
</tr>
<tr>
<td id="clue_J_3_3" class="clue_text">In 1997 this NBA team changed its nickname & dropped its Bullets; capital idea!
the Washington Wizards>r />r />>r>>Kevin | >table>
</tr>
able>
<tr>
<td>
</tr>
<tr>
<td id="clue_J_4_3" class="clue_text">A group of 4 stars near Lyra is called this, like the center piece that holds an arch together
The Keystone>r />r />>r>>Eliza | >table>
</tr>
able>
<tr>
<td>
</tr>
<tr>
<td id="clue_J_5_3" class="clue_text">These 2 words that both start with the same 3 letters mean curving inward & curving outward
convex & concave>r />r />>r>>Amanda | >table>
</tr>
able>
<tr>
<td>
</tr>
<tr>
<td id="clue_J_6_3" class="clue_text">In 2018 Micheál Neeson changed his last name to this in honor of his late mother
(Mayim: For Natasha [*].) >r />Richardson>r />r />>r>>Triple Stumper | >table>
</tr>
able>
</tr>
<tr>
<td class="clue">
<tr>
<td>
</tr>
<tr>
<td id="clue_J_1_4" class="clue_text">(>Sarah of the Clue Crew presents from the National Air & Space Museum in Washington, D.C.) The Smithsonian's National Air & Space Museum store sells a Barbie doll of >Katherine Johnson, a pioneering NASA mathematician who was portrayed by Taraji P. Henson in this Oscar-nominated 2016 film
>>Hidden Figures>r />r />>r>>Kevin | >table>
</tr>
able>
<tr>
<td>
</tr>
<tr>
<td id="clue_J_2_4" class="clue_text">This colorfully dressed guy took Curious George from a life in the jungle to one in the city
the Man in the Yellow Hat>r />r />>r>>Amanda | >table>
</tr>
able>
<tr>
<td>
</tr>
<tr>
<td id="clue_J_3_4" class="clue_text">Dr. J, Charles Barkley & Allen Iverson all suited up for this NBA squad
the (Philadelphia) 76ers>r />r />>r>>Kevin | >table>
</tr>
able>
<tr>
<td>
</tr>
<tr>
<td id="clue_J_4_4" class="clue_text">The Winter Triangle spans stars in constellations from Betelgeuse to Procyon to this bright star in Canis Major
Sirius>r />r />>r>>Eliza | >table>
</tr>
able>
<tr>
<td>
</tr>
<tr>
<td id="clue_J_5_4" class="clue_text">Often made with black paper, these 2-dimensional outlines of your profile show the shape of your face
silhouettes>r />r />>r>>Amanda | >table>
</tr>
able>
<tr>
<td>
</tr>
<tr>
<td id="clue_J_6_4" class="clue_text">In 1497 her reign in Spain turned tragic after the death of Juan, her only son
Queen Isabella (I)>r />r />>r>>Kevin | >table>
</tr>
able>
</tr>
<tr>
<td class="clue">
<tr>
<td>
</tr>
<tr>
<td id="clue_J_1_5" class="clue_text">When you visit the country just south of Kenya, you can bring home some of >this mineral named for it
(Mayim: Correct, from Tanzania.) >r />tanzanite>r />r />>r>>Eliza | >table>
</tr>
able>
<tr>
<td>
</tr>
<tr>
<td id="clue_J_2_5" class="clue_text">This French schoolgirl can often be found wearing a sailor hat; one of Ludwig Bemelmans' books is her "and the Bad Hat"
Madeline>r />r />>r>>Amanda | >table>
</tr>
able>
<tr>
<td>
</tr>
<tr>
<td id="clue_J_3_5" class="clue_text">Gordie Howe played for this NHL team from 1946 to 1971
(Mayim: Gordie Howe was Alex's favorite player.) >r />the Detroit Red Wings>r />r />>r>>Triple Stumper | >table>
</tr>
able>
<tr>
<td>
</tr>
<tr>
<td id="clue_J_4_5" class="clue_text">Also known as the 3 Sisters, Alnitak, Alnilam & Mintaka make up this hunter's "Belt"
Orion>r />r />>r>>Kevin | >table>
</tr>
able>
<tr>
<td>
</tr>
<tr>
<td id="clue_J_5_5" class="clue_text">The Earth is generally considered to be this 6-letter type of spheroid, as it is flattened at the poles
oblate>r />r />>r>>Triple Stumper | >table>
</tr>
able>
<tr>
<td>
</tr>
<tr>
<td id="clue_J_6_5" class="clue_text">Her son succeeded her as India's prime minister, a job that her dad once had as well
Indira Gandhi>r />r />>r>>Kevin | >table>
</tr>
able>
</tr>
able>
>Scores at the first commercial break (after clue 15):
>Amanda |
>Eliza |
>Kevin |
>$5,000 |
>$2,000 |
>$800 |
>Scores at the end of the Jeopardy! Round:
>Amanda |
>Eliza |
>Kevin |
>$5,000 |
>$5,100 |
>$5,600 |
>Double Jeopardy! Round
<tr>
<td class="category">
| | | | | | | | | | | | | | | | | | | | | | | | | | | | | | | | | | | | | | | | | | | | | | | | | | | | | | | | | | | |